| 000 | 00854nam a2200229Ia 4500 | ||
|---|---|---|---|
| 005 | 20241128142228.0 | ||
| 008 | 210716s2012 xx 000 0 und d | ||
| 020 | _a9788132107576 | ||
| 040 | _cAIMIT LIBRARY | ||
| 041 | _aeng | ||
| 082 |
_a001.0726584 _21 _bSRIU |
||
| 245 |
_aManagement consulting in India : _bpractice and experiences for business excellence / _cEdited by U K Srivastava and Pramila Srivastava. |
||
| 250 | _a1st ed. | ||
| 260 |
_aNew Delhi : _bSage Publications , _c2012. |
||
| 300 |
_axxxiii,472p. ; _bPB _c22.5 cm |
||
| 650 |
_aManagement consultancy in India _9187054 |
||
| 650 |
_aConsulting experience in strategic marketing _9187055 |
||
| 650 |
_aExperience in M&A consulting _9187056 |
||
| 700 |
_aSrivastava, U K., ed. _9187057 |
||
| 700 |
_aSrivastava, Pramila., ed. _9187058 |
||
| 942 |
_2ddc _cBK _e1st _k001.0726584 SRIU |
||
| 999 |
_c211474 _d211474 |
||